| 000 | 00839nam a2200217 a 4500 | ||
|---|---|---|---|
| 003 | 0 | ||
| 005 | 20250203110306.0 | ||
| 008 | 130830s19uu xx 00 eng d | ||
| 050 |
_aPGS GV 443 _b.M829 2013 |
||
| 100 | _aMoran, Miljie P. | ||
| 245 |
_aGender and physical fitness / _cMiljie P. Moran. |
||
| 260 |
_aLas PiƱas City, Philippines : _bSouthville International School and Colleges, _c2013. |
||
| 300 |
_a28 p. : _bill. ; _c28 cm. |
||
| 504 | _aIncludes bibliographical references. | ||
| 650 |
_a Gender differences _vPhysical fitness. |
||
| 650 |
_a Physical fitness _vEffect of gender on performance. |
||
| 650 | _aChildren's physical fitness. | ||
| 650 |
_aPhysical education and training _vStudy and teaching (Elementary school). |
||
| 650 |
_aPhysical fitness _vStudy and teaching (Elementary school). |
||
| 942 |
_2lcc _cPASS |
||
| 999 |
_c99062 _d99062 |
||